| 000 | 00726nam a2200217 a 4500 | ||
|---|---|---|---|
| 001 | 000009727 | ||
| 005 | 20240412074212.0 | ||
| 008 | 091001s2004 dr r 000 p spa d | ||
| 020 | _a9993404497 | ||
| 040 |
_aDO-SdBNP _bspa _cBNPHU |
||
| 082 |
_aRD861.44 _bC314f |
||
| 100 | 1 |
_aCarreño Montás, María Victoria, _d1956- _924632 |
|
| 245 | 1 | 0 |
_aFragmentos de una tarde / _cMaría Victoria Carreño Montás. |
| 260 |
_aSanto Domingo : _bCocolo, _c2004. |
||
| 300 |
_a103 p. ; _c23 cm. |
||
| 590 | _aLa biblioteca posee 3 ejemplares autografiado por el autor. | ||
| 590 | _aInventariado, 2018/BT | ||
| 650 | 0 |
_aPoesía dominicana _966 |
|
| 650 | 0 |
_aLiteratura dominicana. _967 |
|
| 910 | _aValidado. Control de calidad. MMOLINA | ||
| 999 |
_c9487 _d9487 |
||